000
00226nam a22000857a 4500
008
160706b xxu||||| |||| 00| 0 eng d
100
_9
2314
_a
Prakash, V
245
_a
It Won't Work
260
_a
New Delhi
_b
Dreamland Publication
_c
2004
999
_c
1991
_d
1991